00625cam a22001813a 450000100060000000300060000600500170001200800410002904000150007004200070008510000390009224501620013126000290029350600300032251600200035283000290037285600420040141103PGUSA20140828083927.0121018s2012||||xxu|||||s|||||000 | eng d aPGUSAbeng adc1 aHulbert, Archer Butler,d1873-193310aHistoric Highways of America (Vol. 9) :bWaterways of Westward Expansion - The Ohio River and its Tributariesh[electronic resource] /cArcher Butler Hulbert bProject Gutenberg,c2012 aPublic domain in the USA. aElectronic text 0aProject Gutenbergv4110340uhttp://www.gutenberg.org/ebooks/41103